The new collected short stories / (Record no. 74511)
[ view plain ]
| 000 -LEADER | |
|---|---|
| fixed length control field | 00711nam a22002057a 4500 |
| 005 - DATE AND TIME OF LATEST TRANSACTION | |
| control field | 20130508161253.0 |
| 010 ## - LCCN (DPL NO) | |
| LC control number | B-496644-648 |
| 020 ## - INTERNATIONAL STANDARD BOOK NUMBER | |
| International Standard Book Number | 9781447211068 |
| Terms of availability | 399.00 |
| 035 ## - SYSTEM CONTROL NUMBER | |
| System control number | B-496644-648 |
| 037 ## - SOURCE OF ACQUISITION | |
| Source of stock number/acquisition | UBH/Ven |
| 082 ## - DEWEY DECIMAL CLASSIFICATION NUMBER | |
| Classification number | S |
| 100 ## - MAIN ENTRY--PERSONAL NAME | |
| Personal name | Archer, Jeffrey |
| 245 ## - TITLE STATEMENT | |
| Title | The new collected short stories / |
| Statement of responsibility, etc | by Jeffrey Archer |
| 260 ## - PUBLICATION, DISTRIBUTION, ETC. (IMPRINT) | |
| Place of publication, distribution, etc | London |
| Name of publisher, distributor, etc | Pan Books |
| Date of publication, distribution, etc | c2011 |
| 270 ## - ADDRESS | |
| Address | Pan Mcmillan,20 New Wharf Road |
| City | London |
| Postal code | N1 9RR |
| 300 ## - PHYSICAL DESCRIPTION | |
| Extent | 857P. |
| Other physical details | ill. |
| Dimensions | 20cm(pbk). |
| 500 ## - GENERAL NOTE | |
| General note | It include index and To cut a long story short , Cat O' nine tales and Thereby hangs a tale |
| 942 ## - ADDED ENTRY ELEMENTS (KOHA) | |
| Source of classification or shelving scheme | Dewey Decimal Classification |
| Item type | English Books |
| Call number suffix | ARC |
| Classification part | S |
| Withdrawn status | Lost status | Not for loan | Collection code | Home library | Current library | Date acquired | Source of acquisition | Cost, normal purchase price | Full call number | Barcode | Copy number | Cost, replacement price | Koha item type | Public note |
|---|---|---|---|---|---|---|---|---|---|---|---|---|---|---|
| Fiction | Central Library | Central Library | 08/05/2013 | UBH/274/11.03.2013/180/08.03.2013/15.03.2013 | 399.00 | S ARC | B-496644 | 1 | 399.00 | English Books | ||||
| Fiction | Janak Puri | Janak Puri | 08/05/2013 | UBH/274/11.03.2013/180/08.03.2013/15.03.2013 | 399.00 | S ARC | B-496646 | 1 | 399.00 | English Books | ||||
| Fiction | Patel Nagar | Patel Nagar | 08/05/2013 | UBH/274/11.03.2013/180/08.03.2013/15.03.2013 | 399.00 | S ARC | B-496645 | 1 | 399.00 | English Books | ||||
| Fiction | Sarojini Nagar | Sarojini Nagar | 08/05/2013 | UBH/274/11.03.2013/180/08.03.2013/15.03.2013 | 399.00 | S ARC | B-496647 | 1 | 399.00 | English Books | Withdrwan List Prepared List No. 99/24 | |||
| Fiction | Vinoba Puri | Vinoba Puri | 08/05/2013 | UBH/274/11.03.2013/180/08.03.2013/15.03.2013 | 399.00 | S ARC | B-496648 | 1 | 399.00 | English Books |
